000 00901nam a22002897a 4500
001 BR7902023
003 BR-BrBNA
005 20230928085956.0
007 ta
008 230509b bl.||||| |||| 00| 0 por d
040 _aBR-BrBNA
_bpor
_cBiblioteca Nacional de Agricultura
041 _a(Por)
072 _aL30
_b1540
_b5212
_b/G514
090 _ 1540 BR7902023
100 1 _aTiesenhausen, I.M.E.V. Von
110 1 _aEscola Superior de Agricultura de Lavras, MG (Brasil)
245 1 _aUtilizacao de mandioca e subprodutos do alcool na eliminacao bovina [Manihot esculenta; Brasil]
_bCurso de Capacitacao de Tecnicos para a Cultura da Mandioca - v. 18
260 3 _aLavras, MG (Brasil):
_c1978.
300 _a27 p.
500 _a11 tables; 21 ref.
650 _aMANDIOCA
650 _aBOVINO
650 _aRASPA
650 _aFENO
909 _a202309
_bLucia
_c55
_dLucia Elande
942 _cBK
999 _c27264
_d27264